JQuery 1.3 With PHP (Record no. 324524)
[ view plain ]
| 000 -LEADER | |
|---|---|
| fixed length control field | 00486nam a2200157Ia 4500 |
| 008 - FIXED-LENGTH DATA ELEMENTS--GENERAL INFORMATION | |
| fixed length control field | 230718s9999 xx 000 0 und d |
| 041 ## - LANGUAGE CODE | |
| Language code of text/sound track or separate title | eng |
| 082 ## - DEWEY DECIMAL CLASSIFICATION NUMBER | |
| Classification number | 005.72 |
| Item number | VER |
| 100 ## - MAIN ENTRY--PERSONAL NAME | |
| Personal name | Verens K. |
| 245 ## - TITLE STATEMENT | |
| Title | JQuery 1.3 With PHP |
| Remainder of title | Enhance Your PHP Applications By Increasing Their Responsiveness Through JQuery And Its Plugins |
| 260 ## - PUBLICATION, DISTRIBUTION, ETC. (IMPRINT) | |
| Date of publication, distribution, etc. | 2010 |
| Name of publisher, distributor, etc. | Packt Pub. |
| 300 ## - PHYSICAL DESCRIPTION | |
| Extent | 230 |
| 365 ## - TRADE PRICE | |
| Currency code | Rs. |
| Price amount | 350.00 |
| 700 ## - ADDED ENTRY--PERSONAL NAME | |
| Personal name | Verens K. |
| 906 ## - LOCAL DATA ELEMENT F, LDF (RLIN) | |
| d | O:0074117-Mar-2010B:668622-Feb-2010 |
| c | COMP |
| b | 70 |
| Withdrawn status | Lost status | Damaged status | Not for loan | Home library | Current library | Date acquired | Vendor | Budget Code | Cost, normal purchase price | Bill number | Total Checkouts | Full call number | Barcode | Date last seen | Discount | Cost, replacement price | Bill Date | Koha item type | Original Barcode |
|---|---|---|---|---|---|---|---|---|---|---|---|---|---|---|---|---|---|---|---|
| Cummins College of Engineering for Women Pune | Cummins College of Engineering for Women Pune | 17/03/2010 | Radiant Book Service | COMP | 280.00 | 6686 | 005.72 | CCEP-BK-35731 | 18/07/2023 | 70 | 350.00 | 22/02/2010 | Books | 035731 |